Normal view
MARC view
- والداني،أبي عمر؛تحقيق أحمد كشك
Entry Personal Name
001 - CONTROL NUMBER
- control field: 7426
003 - CONTROL NUMBER IDENTIFIER
- control field: JO-AjAnu
005 - DATE AND TIME OF LATEST TRANSACTION
- control field: 20230606071512.0
008 - FIXED-LENGTH DATA ELEMENTS
- fixed length control field: 230606|| aca||aabn | a|a d
040 ## - CATALOGING SOURCE
- Original cataloging agency: JO-AjAnu
- Transcribing agency: JO-AjAnu
100 ## - HEADING--PERSONAL NAME
- Personal name: والداني،أبي عمر؛تحقيق أحمد كشك
670 ## - SOURCE DATA FOUND
- Source citation: Work cat.: (JO-AjAnu)3841: والداني،أبي عمر؛تحقيق أحمد كشك, author, الفرق بين الضاد والظاء في كتاب الله عز وجل وفي المشهور في الكلام